Christopher Benninger: (Record no. 188881)

MARC details
000 -LEADER
fixed length control field 00580nam a22001817a 4500
005 - DATE AND TIME OF LATEST TRANSACTION
control field 20220607110726.0
010 ## - LCCN (DPL NO)
LC control number ENG-133049
020 ## - INTERNATIONAL STANDARD BOOK NUMBER
International Standard Book Number 978-88-572-2687-3
Terms of availability 6725.00
035 ## - SYSTEM CONTROL NUMBER
System control number EN-116581
037 ## - SOURCE OF ACQUISITION
Source of stock number/acquisition DBAD/PUB
082 ## - DEWEY DECIMAL CLASSIFICATION NUMBER
Classification number 724.6
245 ## - TITLE STATEMENT
Title Christopher Benninger:
Remainder of title Architecture for Modern India/
Statement of responsibility, etc edited by Rosa Maria Falvo
260 ## - PUBLICATION, DISTRIBUTION, ETC. (IMPRINT)
Place of publication, distribution, etc Italy
Name of publisher, distributor, etc Skira Editore S.P.A.
Date of publication, distribution, etc 2018
270 ## - ADDRESS
Address , Palazzo Casati Stampa, Via Torino 61,20123 Milano
City Italy
300 ## - PHYSICAL DESCRIPTION
Extent xv,383p.
Dimensions 29cm(hbk)
700 ## - ADDED ENTRY--PERSONAL NAME
Personal name Rosa Maria Falvo
942 ## - ADDED ENTRY ELEMENTS (KOHA)
Source of classification or shelving scheme Dewey Decimal Classification
Item type English Books
Call number suffix CHR
Classification part 724.6
Holdings
Withdrawn status Lost status Not for loan Collection code Home library Current library Date acquired Source of acquisition Cost, normal purchase price Full call number Barcode Copy number Cost, replacement price Koha item type
    Not For Loan Reference Ashok Vihar Ashok Vihar 07/06/2022 DBAD/PUB 2725.00 724.6 CHR EN-116581 1 2725.00 English Books

© Delhi Public Library
Hit Counter
free hit counter